| 000 | 01344cam a2200361 i 4500 | ||
|---|---|---|---|
| 999 |
_c47086 _d47086 |
||
| 001 | 20735 | ||
| 003 | CO-MdFUSB | ||
| 005 | 20190202100340.0 | ||
| 008 | 160913t2009 enk||||| |||| 00| 0 eng d | ||
| 020 | _a978-0-281-06168-6 | ||
| 040 |
_aCO-MdFUSB _bEspañol _cCO-MdFUSB _dCO-MdFUSB _erda |
||
| 041 | _aeng | ||
| 082 |
_224 _aG 226.506 _bW516i |
||
| 100 | 1 |
_aWest, Gerald _eautor |
|
| 245 | 1 | 3 |
_aIn the beginning was the word _b:Group Bible studies on the gospel of John _c/ Gerald WEst, Clare Amos, Dickson Chilongani, Mary Chilton Callaway, Sathianathan Clarke, Joyce Muhindo Tsongo, Jenny Plane Te Paa |
| 264 | 4 |
_aLondon : _bSPCK, _c©2009 |
|
| 300 | _a86 páginas | ||
| 336 |
_2rdacontent _atexto _btxt |
||
| 337 |
_2rdamedia _asin mediación _bn |
||
| 338 |
_2rdacarrier _avolumen _bnc |
||
| 501 | _aRústico | ||
| 505 | 0 | 0 | _aEn el principio era la palabra: Estudios bíblicos en el evangelio de Juan para grupos |
| 630 | 0 | 7 |
_aBiblia. _pNuevo Testamento |
| 630 | 7 |
_aBiblia. _vJuan _xEnseñanzas |
|
| 653 | _aEstudio del libro de Juan | ||
| 700 |
_9341 _aChilongani, Dickson _ecoautor |
||
| 700 |
_9342 _aCallaway, Mary Chilton _ecoautor |
||
| 700 | 1 |
_9339 _aClarke, Sathianathan _ecoautor |
|
| 700 |
_aMuhindo Tsongo, Joyce _ecoautor _9343 |
||
| 700 |
_9344 _aTe Paa, Jenny _ecoautor |
||
| 942 | _cBK | ||